000 01094nam a22002177a 4500
999 _c18434
_d18434
005 20251125232906.0
008 s2523 th tha d
040 _aNALT
041 _atha
245 1 0 _aคำพิพากษา ศาลอุทธรณ์ ศาลฏีกา คดีประทุษร้าย ต่อ พระบาทสมเด็จพระปรเมนทรมหาอานันทมหิดล รัชกาลที่ 8
260 3 _aกรุงเทพฯ :
_bกรุงสยามการพิมพ์,
_c2523
300 _a778 หน้า :
_b ภาพประกอบ ;
_c 26 ซม.
650 0 4 _aฆาตกรรม
650 0 4 _aคำพิพากษา -- คดีอาญา
650 0 4 _aอานันทมหิดล, พระบาทสมเด็จพระปรเมนทรมหา
850 _aNALT
856 4 0 _uhttps://hdl.handle.net/20.500.14156/302493
_71
942 _cLB
_2lcc
090 _aKB22 ค369 2523
998 _j25
_k นีลวัสน์ อินทรักษา